000 00319nam a22001337a 4500
008 180309b xxu||||| |||| 00| 0 eng d
020 _a9783527281640
041 _aeng
080 _22nd
_a54
100 _a12
101 _aKIM
245 _aOrganometallics a concise introduction
_cElschenbroich,Ch
942 _2udc
_cBK
999 _c44567
_d44567